000 00614nam a2200241Ia 4500
003 OSt
005 20221007101358.0
006 a|||||r|||| 00| 0
007 ta
008 221006b |||||||| |||| 00| 0 eng d
024 _a6,358
037 _cTextual
040 _aLCO
_cLCO
_beng
041 _2eng
_aeng
082 _aW6,3.42, L1
100 _aBHUINYA N
_9702916
245 0 _aParliamentary Democracy in Japan.
260 _aN.
_bDelhi Associated Pub. House
_c1971
300 _a121
650 _aDEMOCRACY
942 _hW6,3.42, L1
_cTEXL
999 _c1175921
_d1175921